<?xml version="1.0" encoding="UTF-8"?>
<collection xmlns="http://www.loc.gov/MARC21/slim">
 <record>
  <leader>01638nam a22002537a 4500</leader>
  <controlfield tag="001">NCT_30321</controlfield>
  <controlfield tag="008">180416b        xxu||||| |||| 00| 0 vie d</controlfield>
  <datafield tag="999" ind1=" " ind2=" ">
   <subfield code="c">1459</subfield>
   <subfield code="d">1459</subfield>
  </datafield>
  <datafield tag="020" ind1=" " ind2=" ">
   <subfield code="c">25000</subfield>
  </datafield>
  <datafield tag="082" ind1="0" ind2="4">
   <subfield code="2">23rd ed.</subfield>
   <subfield code="a">614.4</subfield>
   <subfield code="b">Th500</subfield>
  </datafield>
  <datafield tag="100" ind1="1" ind2=" ">
   <subfield code="a">Dương Thị Thu</subfield>
   <subfield code="e">Chủ biên</subfield>
  </datafield>
  <datafield tag="245" ind1=" " ind2=" ">
   <subfield code="a">Phòng chống HIV/AISD</subfield>
   <subfield code="b">: Dùng cho đào tạo trung cấp điều dưỡng đa khoa</subfield>
   <subfield code="c">Dương Thị Thu</subfield>
  </datafield>
  <datafield tag="260" ind1=" " ind2=" ">
   <subfield code="a">H.</subfield>
   <subfield code="b">Giáo dục Việt Nam</subfield>
   <subfield code="c">2010</subfield>
  </datafield>
  <datafield tag="300" ind1=" " ind2=" ">
   <subfield code="a">103 tr.</subfield>
   <subfield code="c">27cm</subfield>
  </datafield>
  <datafield tag="500" ind1=" " ind2=" ">
   <subfield code="a">ĐTTS ghi: Bộ Y Tế</subfield>
  </datafield>
  <datafield tag="520" ind1="3" ind2=" ">
   <subfield code="a">Sách gồm 10 bài theo chương trình chi tiết của Module phòng, chống HIV/AISD. Mỗi bài gồm có 3 phần: mục tiêu, nội dung, tự lượng giá.</subfield>
  </datafield>
  <datafield tag="653" ind1=" " ind2=" ">
   <subfield code="a">Y đa khoa</subfield>
  </datafield>
  <datafield tag="942" ind1=" " ind2=" ">
   <subfield code="2">ddc</subfield>
   <subfield code="c">BK</subfield>
  </datafield>
  <datafield tag="952" ind1=" " ind2=" ">
   <subfield code="0">0</subfield>
   <subfield code="1">0</subfield>
   <subfield code="2">ddc</subfield>
   <subfield code="4">0</subfield>
   <subfield code="6">614_400000000000000_TH500</subfield>
   <subfield code="7">0</subfield>
   <subfield code="9">7029</subfield>
   <subfield code="a">000001</subfield>
   <subfield code="b">000001</subfield>
   <subfield code="d">2018-04-16</subfield>
   <subfield code="o">614.4 Th500</subfield>
   <subfield code="p">MD.11632</subfield>
   <subfield code="r">2018-04-16</subfield>
   <subfield code="v">25000.00</subfield>
   <subfield code="w">2018-04-16</subfield>
   <subfield code="y">BK</subfield>
  </datafield>
  <datafield tag="952" ind1=" " ind2=" ">
   <subfield code="0">0</subfield>
   <subfield code="1">0</subfield>
   <subfield code="2">ddc</subfield>
   <subfield code="4">0</subfield>
   <subfield code="6">614_400000000000000_TH500</subfield>
   <subfield code="7">0</subfield>
   <subfield code="9">7030</subfield>
   <subfield code="a">000001</subfield>
   <subfield code="b">000001</subfield>
   <subfield code="d">2018-04-16</subfield>
   <subfield code="l">1</subfield>
   <subfield code="o">614.4 Th500</subfield>
   <subfield code="p">MD.11633</subfield>
   <subfield code="r">2021-05-07</subfield>
   <subfield code="s">2021-04-27</subfield>
   <subfield code="v">25000.00</subfield>
   <subfield code="w">2018-04-16</subfield>
   <subfield code="y">BK</subfield>
  </datafield>
  <datafield tag="952" ind1=" " ind2=" ">
   <subfield code="0">0</subfield>
   <subfield code="1">0</subfield>
   <subfield code="2">ddc</subfield>
   <subfield code="4">0</subfield>
   <subfield code="6">614_400000000000000_TH500</subfield>
   <subfield code="7">0</subfield>
   <subfield code="9">7031</subfield>
   <subfield code="a">000001</subfield>
   <subfield code="b">000001</subfield>
   <subfield code="d">2018-04-16</subfield>
   <subfield code="l">2</subfield>
   <subfield code="o">614.4 Th500</subfield>
   <subfield code="p">MD.11634</subfield>
   <subfield code="r">2020-11-18</subfield>
   <subfield code="s">2020-05-22</subfield>
   <subfield code="v">25000.00</subfield>
   <subfield code="w">2018-04-16</subfield>
   <subfield code="y">BK</subfield>
  </datafield>
  <datafield tag="952" ind1=" " ind2=" ">
   <subfield code="0">0</subfield>
   <subfield code="1">0</subfield>
   <subfield code="2">ddc</subfield>
   <subfield code="4">0</subfield>
   <subfield code="6">614_400000000000000_TH500</subfield>
   <subfield code="7">0</subfield>
   <subfield code="9">7032</subfield>
   <subfield code="a">000001</subfield>
   <subfield code="b">000001</subfield>
   <subfield code="d">2018-04-16</subfield>
   <subfield code="o">614.4 Th500</subfield>
   <subfield code="p">MD.10846</subfield>
   <subfield code="r">2018-04-16</subfield>
   <subfield code="v">25000.00</subfield>
   <subfield code="w">2018-04-16</subfield>
   <subfield code="y">BK</subfield>
  </datafield>
  <datafield tag="952" ind1=" " ind2=" ">
   <subfield code="0">0</subfield>
   <subfield code="1">0</subfield>
   <subfield code="2">ddc</subfield>
   <subfield code="4">0</subfield>
   <subfield code="6">614_400000000000000_TH500</subfield>
   <subfield code="7">0</subfield>
   <subfield code="9">7033</subfield>
   <subfield code="a">000001</subfield>
   <subfield code="b">000001</subfield>
   <subfield code="d">2018-04-16</subfield>
   <subfield code="o">614.4 Th500</subfield>
   <subfield code="p">MD.10867</subfield>
   <subfield code="r">2018-04-16</subfield>
   <subfield code="v">25000.00</subfield>
   <subfield code="w">2018-04-16</subfield>
   <subfield code="y">BK</subfield>
  </datafield>
  <datafield tag="980" ind1=" " ind2=" ">
   <subfield code="a">Thư viện Trường Đại học Nam Cần Thơ</subfield>
  </datafield>
 </record>
</collection>
